000 00432nam a22001697a 4500
005 20260122110502.0
008 160701b xxu||||| |||| 00| 0 eng d
020 _a978-93-5014-090-1
041 _aeng
082 _a004.22
100 _aGoyal, Sweety & Other
_93198
245 _aComputer Oragnisation with Architecture
260 _bS.K. Kataria & Sons
_c2012
300 _a224
650 _aInformation Technology
942 _cBK
999 _c5028
_d5026